000 00678nam a2200253 i 4500
001 C2-0117228
003 PPAK
005 20180727110403.0
008 970724s1977 my |||| ||||| | may d
040 _aPPAK
_beng
_cPPAK
_erda
082 0 4 _a297.23
_223
090 0 0 _a297.23
_bGAZ
_dG
090 0 0 _a297.23
_bGAZ
_dKIH
090 0 0 _a297.23
_bGAZ
_dKSA
100 1 _aGazalba, Sidi,
_eauthor
245 1 0 _aMaut :
_bpendekatan rasionil masalah mati
264 1 _aKuala Lumpur :
_bUtusan ,
_c1977
300 _a224 pages ;
_c21 cm
336 _2rdacontent
_atext
337 _2rdamedia
_aunmediated
338 _2rdacarrier
_avolume
650 1 0 _aDeath (Islam)
942 _ddc
_cB
999 _c31272
_d31272